Briciole di Mistero (Record n. 34229)
[ formato base ]
| 000 -LEADER | |
|---|---|
| fixed length control field | 00772nam a2200205Ia 4500 |
| 003 - CONTROL NUMBER IDENTIFIER | |
| control field | IT-RoPAU |
| 005 - DATE AND TIME OF LATEST TRANSACTION | |
| control field | 20220918175854.0 |
| 008 - FIXED-LENGTH DATA ELEMENTS--GENERAL INFORMATION | |
| fixed length control field | 120407s9999 xx 000 0 und d |
| 040 ## - CATALOGING SOURCE | |
| Original cataloging agency | IT-RoPAU |
| Transcribing agency | 20130626085722.0 |
| 040 ## - CATALOGING SOURCE | |
| Transcribing agency | IT-RoPAU |
| 041 ## - LANGUAGE CODE | |
| Language code of text/sound track or separate title | ita |
| 100 ## - MAIN ENTRY--PERSONAL NAME | |
| Personal name | Bruno Carmine Giovanni |
| 9 (RLIN) | 732 |
| 245 ## - TITLE STATEMENT | |
| Title | Briciole di Mistero |
| 260 ## - PUBLICATION, DISTRIBUTION, ETC. (IMPRINT) | |
| Place of publication, distribution, etc. | Roncade (Treviso) |
| Name of publisher, distributor, etc. | Grafiche DI. PRO |
| Date of publication, distribution, etc. | 1991 |
| 300 ## - PHYSICAL DESCRIPTION | |
| Extent | 41 p. |
| Dimensions | 21 cm |
| 490 ## - SERIES STATEMENT | |
| Series statement | Edizioni Segno |
| 520 ## - SUMMARY, ETC. | |
| Summary, etc. | Indice<br/><br/>1. Primo incontro<br/>2. La Lucciola Eucaristica<br/>3. L'Incenso<br/>4. Il Giorno del Signore<br/>5. Pane e VIno<br/>6. Venite e Mangiate all'ora convenuta<br/>7. Nascita di Isacco<br/>8. Tempo Sacro<br/>9. Pellegrinaggio Mariano<br/>10. La Legge dell'Amore<br/>11. Confesso<br/>12. Un Fiore sull'Altare<br/> |
| 942 ## - ADDED ENTRY ELEMENTS (KOHA) | |
| Koha item type | LIBRO |
| Source of classification or shelving scheme | Dewey Decimal Classification |
| Withdrawn status | Lost status | Source of classification or shelving scheme | Damaged status | Not for loan | Home library | Current library | Date acquired | Total Checkouts | Full call number | Date last seen | Price effective from | Koha item type | Public note | Barcode |
|---|---|---|---|---|---|---|---|---|---|---|---|---|---|---|
| Dewey Decimal Classification | Buone Condizioni | Not For Loan | PAULUS-BIBLIOTECA | PAULUS-BIBLIOTECA | 11/04/2012 | 851.21 | 11/04/2012 | 11/04/2012 | LIBRO | Inserito da: Jole In data: 22 luglio 2011 fondo: Via A.Severo 56 Progr:2246 | ||||
| Dewey Decimal Classification | Buone Condizioni | Not For Loan | PAULUS-BIBLIOTECA | PAULUS-BIBLIOTECA | 26/06/2013 | P E1 | 26/06/2013 | 26/06/2013 | LIBRO | 88 - 728 - 2033 - 2 | ||||
| Dewey Decimal Classification | Buone Condizioni | Not For Loan | PAULUS-BIBLIOTECA | PAULUS-BIBLIOTECA | 26/06/2013 | P E1 | 26/06/2013 | 26/06/2013 | LIBRO | |||||
| Dewey Decimal Classification | Buone Condizioni | Not For Loan | PAULUS-BIBLIOTECA | PAULUS-BIBLIOTECA | 26/06/2013 | P E1 | 26/06/2013 | 26/06/2013 | LIBRO | |||||
| Dewey Decimal Classification | Buone Condizioni | Not For Loan | PAULUS-BIBLIOTECA | PAULUS-BIBLIOTECA | 26/06/2013 | P E1 | 26/06/2013 | 26/06/2013 | LIBRO |